000 00370nam a2200145Ia 4500
008 100122s9999 xx 000 0 und d
082 _b27487
_a823
100 _aरोहेकर ए ना
245 _aहिंदोल
260 _bरोहेकर
_c1905
300 _a136
630 _aहिंदोल
730 _aहिंदोल
942 _cBOOK
999 _c413545
_d413542